|
|
|
|
| LEADER |
00000nam0a2200000 4500 |
| 001 |
676013 |
| 005 |
20241029160512.0 |
| 090 |
|
|
|a 676013
|
| 100 |
|
|
|a 20241029d1979 k||y0rusy50 ca
|
| 101 |
0 |
|
|a rus
|
| 102 |
|
|
|a AM
|
| 105 |
|
|
|a a z 001yy
|
| 181 |
|
0 |
|a i
|b e
|
| 182 |
|
0 |
|a n
|
| 183 |
|
0 |
|a nc
|2 RDAcarrier
|
| 200 |
1 |
|
|a Позднемеловой литогенез офиолитовых зон Армянской ССР (Малый Кавказ)
|f М. А. Сатиан
|g Институт геологических наук АН АССР
|
| 203 |
|
|
|a Текст
|b визуальный
|c непосредственный
|
| 210 |
|
|
|a Ереван
|c Изд-во АН Армянской ССР
|d 1979
|
| 215 |
|
|
|a 168 с.
|c ил.
|
| 283 |
|
|
|a volume
|2 RDAcarrier
|
| 320 |
|
|
|a Литература: с.155-164
|
| 606 |
1 |
|
|a Литология
|9 60283
|
| 610 |
1 |
|
|a тектоническая зональность
|
| 610 |
1 |
|
|a парагенез
|
| 610 |
1 |
|
|a вулканогенная формация
|
| 610 |
1 |
|
|a офиолитовые прогибы
|
| 610 |
1 |
|
|a палеотектонические реконструкции
|
| 610 |
1 |
|
|a палеогеографическая корреляция
|
| 610 |
1 |
|
|a вулканизм
|
| 610 |
1 |
|
|a кремненакопление
|
| 675 |
|
|
|a 552.5
|v 4
|
| 700 |
|
1 |
|a Сатиан
|b М. А.
|g Марлен Акимович
|
| 712 |
0 |
2 |
|a Академия наук Армянской ССР
|b Институт геологических наук
|4 570
|9 25580
|
| 801 |
|
0 |
|a RU
|b 63413507
|c 20241029
|
| 830 |
|
|
|a Ретро2024Каталогизация Мотырева
|
| 850 |
|
|
|a 63413507
|
| 942 |
|
|
|c BK
|